| 000 | 00798nam a2200229 a 4500 | ||
|---|---|---|---|
| 999 |
_c5309 _d5309 |
||
| 001 | 5309 | ||
| 003 | BD-JhCC | ||
| 005 | 20171212165122.0 | ||
| 008 | 171212s1994 bg a|||| |||| 001 0 ben d | ||
| 020 | _a9840731122 | ||
| 035 | _a(BD-JhCC) 5309 | ||
| 040 |
_aBD-JhCC _dBD-JhCC |
||
| 041 | _aben | ||
| 082 |
_a491.445 _bMIA 1994 |
||
| 100 | _aমিয়া, ড. মুহন্মদ শাহজাহান | ||
| 245 |
_aবাংলা পাণ্ডুলিপি পাঠসমীক্ষা / _cড. মুহন্মদ শাহজাহান মিয়া |
||
| 260 |
_aঢাকা : _bবাংলা একাডেমী, _c১৯৯৪. |
||
| 300 |
_a২৪২ পৃ. : _bill. ; _c২১সেমি. |
||
| 650 | _aBengali Grammar | ||
| 942 |
_2ddc _cBK |
||